[Event "Benidorm Satellite preliminary"]
[Site "playchess.com #007036"]
[Date "2009.10.24"]
[Round "3"]
[White "Paradoks10"]
[Black "KVR"]
[Result "0-1"]
[WhiteElo "1611"]
[BlackElo "2532"]
[PlyCount "72"]
[EventDate "2009.10.24"]
[EventType "swiss (blitz)"]

1. e4 {[%emt 0:00:02]} e6 {[%emt 0:00:01]} 2. d4 {[%emt 0:00:02]} d5 {[%emt 0:
00:01]} 3. Nd2 {[%emt 0:00:02]} Nf6 {[%emt 0:00:01]} 4. e5 {[%emt 0:00:02]}
Nfd7 {[%emt 0:00:01]} 5. c3 {[%emt 0:00:04]} c5 {[%emt 0:00:00]} 6. Bd3 {[%emt
0:00:03]} Nc6 {[%emt 0:00:00]} 7. Ne2 {[%emt 0:00:03]} cxd4 {[%emt 0:00:01]} 8.
cxd4 {[%emt 0:00:02]} f6 {[%emt 0:00:01]} 9. Nf4 {[%emt 0:00:04]} Nxd4 {[%emt
0:00:07]} 10. Qh5+ {[%emt 0:00:07]} Ke7 {[%emt 0:00:01]} 11. exf6+ {[%emt 0:00:
04]} Nxf6 {[%emt 0:00:03]} 12. Ng6+ {[%emt 0:00:03]} hxg6 {[%emt 0:00:05]} 13.
Qxh8 {[%emt 0:00:02]} Kf7 {[%emt 0:00:05]} 14. Qh4 {[%emt 0:00:13]} e5 {[%emt
0:00:06]} 15. Nf3 {[%emt 0:00:06]} Nxf3+ {[%emt 0:00:15]} 16. gxf3 {[%emt 0:00:
00]} Bf5 {[%emt 0:00:01]} 17. Bxf5 {[%emt 0:00:07]} gxf5 {[%emt 0:00:00]} 18.
Bg5 {[%emt 0:00:06]} Qb6 {[%emt 0:00:08]} 19. O-O {[%emt 0:00:03]} Be7 {[%emt
0:00:09]} 20. Rfe1 {[%emt 0:00:04]} Ke6 {[%emt 0:00:09]} 21. Bf4 {[%emt 0:00:
09]} e4 {[%emt 0:00:03]} 22. fxe4 {[%emt 0:00:02]} dxe4 {[%emt 0:00:03]} 23.
Qh3 {[%emt 0:00:13]} g5 {[%emt 0:00:05]} 24. Rxe4+ {[%emt 0:00:05]} Nxe4 {
[%emt 0:00:02]} 25. Be3 {[%emt 0:00:03]} Qxb2 {[%emt 0:00:03]} 26. Rd1 {[%emt
0:00:03]} Rh8 {[%emt 0:00:04]} 27. Qf1 {[%emt 0:00:10]} Qb4 {[%emt 0:00:41]}
28. Qd3 {[%emt 0:00:09]} Kf7 {[%emt 0:00:07]} 29. Qd5+ {[%emt 0:00:05]} Kg6 {
[%emt 0:00:01]} 30. Qe6+ {[%emt 0:00:06]} Bf6 {[%emt 0:00:05]} 31. Bd4 {[%emt
0:00:09]} Qa4 {[%emt 0:00:29]} 32. Rd2 {[%emt 0:00:17]} Qc6 {[%emt 0:00:05]}
33. Qb3 {[%emt 0:00:14]} Nxd2 {[%emt 0:00:04]} 34. Qe3 {[%emt 0:00:10]} Qc1+ {
[%emt 0:00:07]} 35. Kg2 {[%emt 0:00:02]} Qf1+ {[%emt 0:00:02]} 36. Kg3 {[%emt
0:00:02]} Rh3# {[%emt 0:00:01]} 0-1

[Event "Benidorm Satellite preliminary"]
[Site "playchess.com #007036"]
[Date "2009.10.24"]
[Round "3"]
[White "God of chess"]
[Black "Nitroglycérine"]
[Result "1-0"]
[WhiteElo "1925"]
[BlackElo "1866"]
[PlyCount "73"]
[EventDate "2009.10.24"]
[EventType "swiss (blitz)"]

1. e4 {[%emt 0:00:01]} d6 {[%emt 0:00:01]} 2. d4 {[%emt 0:00:02]} Nf6 {[%emt 0:
00:00]} 3. Nc3 {[%emt 0:00:02]} g6 {[%emt 0:00:01]} 4. Nf3 {[%emt 0:00:02]} Bg7
{[%emt 0:00:02]} 5. Bc4 {[%emt 0:00:01]} O-O {[%emt 0:00:05]} 6. O-O {[%emt 0:
00:01]} Bg4 {[%emt 0:00:02]} 7. e5 {[%emt 0:00:02]} Ne8 {[%emt 0:00:15]} 8.
exd6 {[%emt 0:00:02]} Nxd6 {[%emt 0:00:06]} 9. Bb3 {[%emt 0:00:04]} Nc6 {[%emt
0:00:07]} 10. Be3 {[%emt 0:00:03]} e5 {[%emt 0:00:17]} 11. d5 {[%emt 0:00:08]}
Nd4 {[%emt 0:00:09]} 12. Bxd4 {[%emt 0:00:07]} exd4 {[%emt 0:00:02]} 13. Nb1 {
[%emt 0:00:10]} Re8 {[%emt 0:00:30]} 14. h3 {[%emt 0:00:05]} Bd7 {[%emt 0:00:
25]} 15. Nxd4 {[%emt 0:00:05]} Nf5 {[%emt 0:00:33]} 16. Nxf5 {[%emt 0:00:13]}
Bxb2 {[%emt 0:00:21]} 17. Ne3 {[%emt 0:00:04]} Bxa1 {[%emt 0:00:03]} 18. c3 {
[%emt 0:00:01]} Qf6 {[%emt 0:00:06]} 19. Qc2 {[%emt 0:00:06]} a5 {[%emt 0:00:
14]} 20. a4 {[%emt 0:00:14]} b5 {[%emt 0:00:01]} 21. axb5 {[%emt 0:00:12]} Bxb5
{[%emt 0:00:01]} 22. Rc1 {[%emt 0:00:01]} a4 {[%emt 0:00:02]} 23. Ba2 {[%emt 0:
00:02]} Bd7 {[%emt 0:00:11]} 24. Nd2 {[%emt 0:00:11]} Bxc3 {[%emt 0:00:13]} 25.
Qxc3 {[%emt 0:00:02]} Qxc3 {[%emt 0:00:00]} 26. Rxc3 {[%emt 0:00:00]} Ra7 {
[%emt 0:00:01]} 27. Ndc4 {[%emt 0:00:01]} Rb8 {[%emt 0:00:04]} 28. d6 {[%emt 0:
00:01]} cxd6 {[%emt 0:00:02]} 29. Nxd6 {[%emt 0:00:00]} Bc6 {[%emt 0:00:02]}
30. Rxc6 {[%emt 0:00:02]} Rb2 {[%emt 0:00:02]} 31. Bd5 {[%emt 0:00:03] .} a3 {
[%emt 0:00:01]} 32. Nxf7 {[%emt 0:00:05]} Rxf7 {[%emt 0:00:02]} 33. Rc7 {[%emt
0:00:01]} Rb1+ {[%emt 0:00:04]} 34. Kh2 {[%emt 0:00:01]} a2 {[%emt 0:00:02]}
35. Bxf7+ {[%emt 0:00:01]} Kg7 {[%emt 0:00:00]} 36. Bxa2+ {[%emt 0:00:01]} Kf6
{[%emt 0:00:00]} 37. Bxb1 {[%emt 0:00:01] Temps} 1-0

[Event "Benidorm Satellite preliminary"]
[Site "playchess.com #007036"]
[Date "2009.10.24"]
[Round "3"]
[White "Xankov"]
[Black "Chessmaestro"]
[Result "0-1"]
[WhiteElo "1830"]
[BlackElo "2650"]
[PlyCount "78"]
[EventDate "2009.10.24"]
[EventType "swiss (blitz)"]

1. c4 {[%emt 0:00:02]} Nf6 {[%emt 0:00:02]} 2. g3 {[%emt 0:00:02]} e6 {[%emt 0:
00:03]} 3. Bg2 {[%emt 0:00:02]} Be7 {[%emt 0:00:01]} 4. Nc3 {[%emt 0:00:08]}
O-O {[%emt 0:00:02]} 5. Nf3 {[%emt 0:00:03]} b6 {[%emt 0:00:01]} 6. O-O {[%emt
0:00:01]} Bb7 {[%emt 0:00:01]} 7. b3 {[%emt 0:00:02]} d6 {[%emt 0:00:02]} 8.
Bb2 {[%emt 0:00:04]} Nbd7 {[%emt 0:00:01]} 9. d3 {[%emt 0:00:05]} c5 {[%emt 0:
00:02]} 10. e4 {[%emt 0:00:03]} a6 {[%emt 0:00:05]} 11. Qe2 {[%emt 0:00:13]}
Qc7 {[%emt 0:00:08]} 12. Rac1 {[%emt 0:00:02]} Rae8 {[%emt 0:00:02]} 13. Rfd1 {
[%emt 0:00:03]} Nb8 {[%emt 0:00:02]} 14. d4 {[%emt 0:00:07]} cxd4 {[%emt 0:00:
01]} 15. Nxd4 {[%emt 0:00:02]} Rd8 {[%emt 0:00:03]} 16. f4 {[%emt 0:00:18]}
Nbd7 {[%emt 0:00:04]} 17. h3 {[%emt 0:00:02]} Rfe8 {[%emt 0:00:01]} 18. Kh2 {
[%emt 0:00:02]} Qb8 {[%emt 0:00:04]} 19. f5 {[%emt 0:00:10]} e5 {[%emt 0:00:02]
} 20. Nf3 {[%emt 0:00:07]} Rc8 {[%emt 0:00:03]} 21. h4 {[%emt 0:00:14]} Ng4+ {
[%emt 0:00:11]} 22. Kh1 {[%emt 0:00:07]} Ndf6 {[%emt 0:00:02]} 23. Ng5 {[%emt
0:00:12]} h6 {[%emt 0:00:09]} 24. Nd5 {[%emt 0:00:18]} Bxd5 {[%emt 0:00:17]}
25. exd5 {[%emt 0:00:07]} b5 {[%emt 0:00:03]} 26. Ne4 {[%emt 0:00:07]} bxc4 {
[%emt 0:00:07]} 27. Nxf6+ {[%emt 0:00:01]} Nxf6 {[%emt 0:00:04]} 28. Rxc4 {
[%emt 0:00:03]} Rxc4 {[%emt 0:00:02]} 29. Qxc4 {[%emt 0:00:01]} Rc8 {[%emt 0:
00:02]} 30. Qxa6 {[%emt 0:00:03]} Rc2 {[%emt 0:00:02]} 31. Bc1 {[%emt 0:00:16]}
Ng4 {[%emt 0:00:03]} 32. Rf1 {[%emt 0:00:15]} Qc7 {[%emt 0:00:05]} 33. Qa8+ {
[%emt 0:00:18]} Kh7 {[%emt 0:00:33] '} 34. f6 {[%emt 0:00:02]} Rxc1 {[%emt 0:
00:03]} 35. fxe7 {[%emt 0:00:05]} Rxf1+ {[%emt 0:00:02]} 36. Bxf1 {[%emt 0:00:
03]} Qc2 {[%emt 0:00:01]} 37. Qh8+ {[%emt 0:00:16]} Kxh8 {[%emt 0:00:02]} 38.
e8=Q+ {[%emt 0:00:02]} Kh7 {[%emt 0:00:00]} 39. Bg2 {[%emt 0:00:02]} Qd1+ {
[%emt 0:00:01] Tempo} 0-1

[Event "Benidorm Satellite preliminary"]
[Site "playchess.com #007036"]
[Date "2009.10.24"]
[Round "3"]
[White "JS_Mastropiero"]
[Black "Us6"]
[Result "0-1"]
[WhiteElo "2006"]
[BlackElo "2552"]
[PlyCount "100"]
[EventDate "2009.10.24"]
[EventType "swiss (blitz)"]

1. Nf3 {[%emt 0:00:03]} c5 {[%emt 0:00:01]} 2. c4 {[%emt 0:00:04]} Nc6 {[%emt
0:00:03]} 3. d4 {[%emt 0:00:02]} cxd4 {[%emt 0:00:00]} 4. Nxd4 {[%emt 0:00:01]}
g6 {[%emt 0:00:00]} 5. e4 {[%emt 0:00:02]} Bg7 {[%emt 0:00:01]} 6. Be3 {[%emt
0:00:01]} Nf6 {[%emt 0:00:02]} 7. Nc3 {[%emt 0:00:01]} d6 {[%emt 0:00:04]} 8.
Be2 {[%emt 0:00:01]} O-O {[%emt 0:00:01]} 9. O-O {[%emt 0:00:01]} Nxd4 {[%emt
0:00:01]} 10. Bxd4 {[%emt 0:00:01]} Bd7 {[%emt 0:00:00]} 11. f3 {[%emt 0:00:02]
} Bc6 {[%emt 0:00:00]} 12. Qd2 {[%emt 0:00:01]} Nd7 {[%emt 0:00:02]} 13. Be3 {
[%emt 0:00:01]} a5 {[%emt 0:00:01]} 14. b3 {[%emt 0:00:01]} f5 {[%emt 0:00:04]}
15. exf5 {[%emt 0:00:05]} gxf5 {[%emt 0:00:02]} 16. Rac1 {[%emt 0:00:03]} Ne5 {
[%emt 0:00:01]} 17. Nd5 {[%emt 0:00:05]} Rc8 {[%emt 0:00:04]} 18. Bb6 {[%emt 0:
00:07]} Qe8 {[%emt 0:00:02]} 19. Bxa5 {[%emt 0:00:05]} e6 {[%emt 0:00:02]} 20.
Nb6 {[%emt 0:00:07]} Rd8 {[%emt 0:00:03]} 21. Bc3 {[%emt 0:00:04]} Qg6 {[%emt
0:00:03]} 22. Kh1 {[%emt 0:00:02]} f4 {[%emt 0:00:02]} 23. Rfd1 {[%emt 0:00:09]
} Rf5 {[%emt 0:00:03]} 24. Bxe5 {[%emt 0:00:07]} Rxe5 {[%emt 0:00:07]} 25. c5 {
[%emt 0:00:09]} d5 {[%emt 0:00:11]} 26. Nc4 {[%emt 0:00:04]} Rg5 {[%emt 0:00:
05]} 27. Bd3 {[%emt 0:00:03]} Qf6 {[%emt 0:00:06]} 28. Nd6 {[%emt 0:00:05]} Bf8
{[%emt 0:00:06]} 29. Qc2 {[%emt 0:00:06]} Bxd6 {[%emt 0:00:04]} 30. cxd6 {
[%emt 0:00:02]} Rxd6 {[%emt 0:00:01]} 31. Bxh7+ {[%emt 0:00:03]} Kg7 {[%emt 0:
00:01]} 32. Bd3 {[%emt 0:00:02]} Rd8 {[%emt 0:00:02]} 33. Qc3 {[%emt 0:00:06]}
e5 {[%emt 0:00:03]} 34. Bf1 {[%emt 0:00:05]} Rh8 {[%emt 0:00:02]} 35. h3 {
[%emt 0:00:20]} d4 {[%emt 0:00:03]} 36. Qd3 {[%emt 0:00:02]} Rg3 {[%emt 0:00:
03]} 37. Rxc6 {[%emt 0:00:04]} bxc6 {[%emt 0:00:04]} 38. Rc1 {[%emt 0:00:01]}
Qg5 {[%emt 0:00:29]} 39. Kh2 {[%emt 0:00:40]} Rh6 {[%emt 0:00:18]} 40. Qe4 {
[%emt 0:00:08]} Rg6 {[%emt 0:00:09]} 41. Rc2 {[%emt 0:00:07]} Rxh3+ {[%emt 0:
00:03]} 42. Kg1 {[%emt 0:00:05]} Qh4 {[%emt 0:00:09]} 43. Qxg6+ {[%emt 0:00:07]
} Kxg6 {[%emt 0:00:02]} 44. gxh3 {[%emt 0:00:02]} Kf6 {[%emt 0:00:05]} 45.
Rxc6+ {[%emt 0:00:01]} Ke7 {[%emt 0:00:01]} 46. Rc5 {[%emt 0:00:06]} Qg3+ {
[%emt 0:00:02]} 47. Bg2 {[%emt 0:00:01]} Kd6 {[%emt 0:00:02]} 48. Rb5 {[%emt 0:
00:03]} e4 {[%emt 0:00:02]} 49. fxe4 {[%emt 0:00:05]} f3 {[%emt 0:00:02]} 50.
Rd5+ {[%emt 0:00:01]} Ke7 {[%emt 0:00:03] JS_Mastropiero rinde} 0-1

[Event "Benidorm Satellite preliminary"]
[Site "playchess.com #007036"]
[Date "2009.10.24"]
[Round "3"]
[White "Beckhambauer"]
[Black "Brp70"]
[Result "1-0"]
[WhiteElo "1546"]
[BlackElo "1905"]
[PlyCount "77"]
[EventDate "2009.10.24"]
[EventType "swiss (blitz)"]

1. d4 {[%emt 0:00:01]} Nf6 {[%emt 0:00:02]} 2. c4 {[%emt 0:00:01]} g6 {[%emt 0:
00:01]} 3. Nc3 {[%emt 0:00:02]} Bg7 {[%emt 0:00:01]} 4. e4 {[%emt 0:00:01]} d6
{[%emt 0:00:00]} 5. f3 {[%emt 0:00:01]} O-O {[%emt 0:00:01]} 6. Be3 {[%emt 0:
00:01]} Nbd7 {[%emt 0:00:03]} 7. Qd2 {[%emt 0:00:01]} c5 {[%emt 0:00:02]} 8. d5
{[%emt 0:00:17]} Ne5 {[%emt 0:00:03]} 9. Rc1 {[%emt 0:00:12]} e6 {[%emt 0:00:
02]} 10. b3 {[%emt 0:00:02]} exd5 {[%emt 0:00:02]} 11. Nxd5 {[%emt 0:00:04]}
Nxd5 {[%emt 0:00:02]} 12. cxd5 {[%emt 0:00:08]} Re8 {[%emt 0:00:02]} 13. Bc4 {
[%emt 0:00:12]} f5 {[%emt 0:00:02]} 14. Ne2 {[%emt 0:00:07]} fxe4 {[%emt 0:00:
09]} 15. f4 {[%emt 0:00:09]} Ng4 {[%emt 0:00:03]} 16. O-O {[%emt 0:00:04]} Nxe3
{[%emt 0:00:07]} 17. Qxe3 {[%emt 0:00:01]} Bg4 {[%emt 0:00:03]} 18. Kh1 {[%emt
0:00:03]} Bxe2 {[%emt 0:00:04]} 19. Qxe2 {[%emt 0:00:05]} Bd4 {[%emt 0:00:00]}
20. f5 {[%emt 0:00:08]} Qg5 {[%emt 0:00:04]} 21. fxg6 {[%emt 0:00:17]} hxg6 {
[%emt 0:00:09]} 22. Rce1 {[%emt 0:00:03]} Kg7 {[%emt 0:00:02]} 23. g3 {[%emt 0:
00:09]} Re5 {[%emt 0:00:05]} 24. Rf4 {[%emt 0:00:03]} Rh8 {[%emt 0:00:04]} 25.
Kg2 {[%emt 0:00:09]} e3 {[%emt 0:00:04]} 26. Ref1 {[%emt 0:00:08]} Rf5 {[%emt
0:00:09]} 27. Rxf5 {[%emt 0:00:14]} gxf5 {[%emt 0:00:02]} 28. Bd3 {[%emt 0:00:
01]} Rf8 {[%emt 0:00:12]} 29. Qf3 {[%emt 0:00:08]} f4 {[%emt 0:00:05]} 30. Qe4
{[%emt 0:00:18]} Qg4 {[%emt 0:00:20]} 31. Qh7+ {[%emt 0:00:10]} Kf6 {[%emt 0:
00:06]} 32. Rxf4+ {[%emt 0:00:03]} Qxf4 {[%emt 0:00:02]} 33. gxf4 {[%emt 0:00:
02]} Rf7 {[%emt 0:00:02]} 34. Qg6+ {[%emt 0:00:02]} Ke7 {[%emt 0:00:02]} 35.
Qe6+ {[%emt 0:00:04]} Kf8 {[%emt 0:00:01]} 36. f5 {[%emt 0:00:08]} Rg7+ {[%emt
0:00:17]} 37. Kf3 {[%emt 0:00:03]} Rh7 {[%emt 0:00:02]} 38. Qxd6+ {[%emt 0:00:
05]} Kg7 {[%emt 0:00:02]} 39. f6+ {[%emt 0:00:03] Brp70 resigns} 1-0

[Event "Benidorm Satellite preliminary"]
[Site "playchess.com #007036"]
[Date "2009.10.24"]
[Round "3"]
[White "SteinerKarl"]
[Black "Marx"]
[Result "1-0"]
[WhiteElo "1641"]
[BlackElo "1291"]
[PlyCount "43"]
[EventDate "2009.10.24"]
[EventType "swiss (blitz)"]

1. e4 {[%emt 0:00:03]} e5 {[%emt 0:00:01]} 2. f4 {[%emt 0:00:04]} d6 {[%emt 0:
00:03]} 3. Nf3 {[%emt 0:00:03]} Nf6 {[%emt 0:00:01]} 4. Nc3 {[%emt 0:00:05]}
Be7 {[%emt 0:00:05]} 5. fxe5 {[%emt 0:00:09]} dxe5 {[%emt 0:00:02]} 6. Nxe5 {
[%emt 0:00:06]} Qd4 {[%emt 0:00:13]} 7. Nf3 {[%emt 0:00:02]} Qb6 {[%emt 0:00:
09]} 8. d4 {[%emt 0:00:29]} Bb4 {[%emt 0:00:06]} 9. Bd3 {[%emt 0:00:03]} Bg4 {
[%emt 0:00:12]} 10. Be3 {[%emt 0:00:05]} O-O {[%emt 0:00:15]} 11. O-O {[%emt 0:
00:02]} Bxc3 {[%emt 0:00:04]} 12. bxc3 {[%emt 0:00:03]} c6 {[%emt 0:00:11]} 13.
Qd2 {[%emt 0:00:12]} Nbd7 {[%emt 0:00:09]} 14. Ne5 {[%emt 0:00:11]} Qc7 {[%emt
0:00:41]} 15. Bf4 {[%emt 0:00:10]} Qd8 {[%emt 0:00:42]} 16. Nxg4 {[%emt 0:00:
39] .} Nxg4 {[%emt 0:00:01]} 17. e5 {[%emt 0:00:11]} c5 {[%emt 0:00:12]} 18.
Qe2 {[%emt 0:00:08]} h5 {[%emt 0:00:04]} 19. h3 {[%emt 0:00:08]} f5 {[%emt 0:
00:09]} 20. hxg4 {[%emt 0:00:06]} fxg4 {[%emt 0:00:01]} 21. Qe4 {[%emt 0:00:13]
} Qh4 {[%emt 0:00:07]} 22. Qh7+ {[%emt 0:00:20] Marx resigns} 1-0

[Event "Benidorm Satellite preliminary"]
[Site "playchess.com #007036"]
[Date "2009.10.24"]
[Round "3"]
[White "Pupu"]
[Black "Novoselski"]
[Result "0-1"]
[WhiteElo "2086"]
[BlackElo "2685"]
[PlyCount "94"]
[EventDate "2009.10.24"]
[EventType "swiss (blitz)"]

1. e4 {[%emt 0:00:03]} e5 {[%emt 0:00:02]} 2. d4 {[%emt 0:00:01]} exd4 {[%emt
0:00:02]} 3. c3 {[%emt 0:00:01]} d3 {[%emt 0:00:02]} 4. Bxd3 {[%emt 0:00:02]}
Nc6 {[%emt 0:00:01]} 5. Ne2 {[%emt 0:00:02]} Bc5 {[%emt 0:00:02]} 6. O-O {
[%emt 0:00:04]} d6 {[%emt 0:00:02]} 7. Nd2 {[%emt 0:00:04]} Nf6 {[%emt 0:00:03]
} 8. b4 {[%emt 0:00:07]} Bb6 {[%emt 0:00:02]} 9. Nc4 {[%emt 0:00:01]} h6 {
[%emt 0:00:05]} 10. Nxb6 {[%emt 0:00:09]} axb6 {[%emt 0:00:00]} 11. Be3 {[%emt
0:00:10]} O-O {[%emt 0:00:06]} 12. Ng3 {[%emt 0:00:13]} Re8 {[%emt 0:00:02]}
13. Qd2 {[%emt 0:00:11]} Ng4 {[%emt 0:00:04]} 14. Bd4 {[%emt 0:00:13]} Nxd4 {
[%emt 0:00:07]} 15. cxd4 {[%emt 0:00:02]} Qh4 {[%emt 0:00:12]} 16. h3 {[%emt 0:
00:06]} Nf6 {[%emt 0:00:01]} 17. Rfe1 {[%emt 0:00:16]} Ra3 {[%emt 0:00:15]} 18.
Re3 {[%emt 0:00:14]} c6 {[%emt 0:00:10]} 19. e5 {[%emt 0:00:10]} Rxd3 {[%emt 0:
00:04]} 20. Qxd3 {[%emt 0:00:08]} Nd5 {[%emt 0:00:06]} 21. Re4 {[%emt 0:00:06]}
Qd8 {[%emt 0:00:05]} 22. a3 {[%emt 0:00:10]} Be6 {[%emt 0:00:04]} 23. Rae1 {
[%emt 0:00:11]} Qd7 {[%emt 0:00:02]} 24. exd6 {[%emt 0:00:14]} Qxd6 {[%emt 0:
00:01]} 25. Re5 {[%emt 0:00:01]} Rd8 {[%emt 0:00:05]} 26. Nf5 {[%emt 0:00:14]}
Qd7 {[%emt 0:00:01]} 27. g4 {[%emt 0:00:07]} Nf4 {[%emt 0:00:11]} 28. Qe3 {
[%emt 0:00:19]} Ng6 {[%emt 0:00:03]} 29. Re4 {[%emt 0:00:06]} Bxf5 {[%emt 0:00:
05]} 30. gxf5 {[%emt 0:00:01]} Qxf5 {[%emt 0:00:01]} 31. Re8+ {[%emt 0:00:01]}
Rxe8 {[%emt 0:00:01]} 32. Qxe8+ {[%emt 0:00:02]} Kh7 {[%emt 0:00:00]} 33. Qe4 {
[%emt 0:00:02]} Qg5+ {[%emt 0:00:03]} 34. Kh2 {[%emt 0:00:03]} Qf6 {[%emt 0:00:
09]} 35. f3 {[%emt 0:00:05]} b5 {[%emt 0:00:02]} 36. Rg1 {[%emt 0:00:07]} Qd6+
{[%emt 0:00:02]} 37. Rg3 {[%emt 0:00:01]} h5 {[%emt 0:00:02]} 38. h4 {[%emt 0:
00:01]} Qf6 {[%emt 0:00:01]} 39. Kh3 {[%emt 0:00:02]} Qf4 {[%emt 0:00:09]} 40.
Qxf4 {[%emt 0:00:04]} Nxf4+ {[%emt 0:00:01]} 41. Kh2 {[%emt 0:00:00]} Ne6 {
[%emt 0:00:05]} 42. Rg2 {[%emt 0:00:02]} Nxd4 {[%emt 0:00:02]} 43. Rf2 {[%emt
0:00:01]} Kg6 {[%emt 0:00:02]} 44. Kg2 {[%emt 0:00:01]} Kf5 {[%emt 0:00:02]}
45. Rd2 {[%emt 0:00:00]} Ne6 {[%emt 0:00:04]} 46. Rd7 {[%emt 0:00:02]} f6 {
[%emt 0:00:02]} 47. Rc7 {[%emt 0:00:02]} Nxc7 {[%emt 0:00:02] Pupu gibt auf}
0-1

[Event "Benidorm Satellite preliminary"]
[Site "playchess.com #007036"]
[Date "2009.10.24"]
[Round "3"]
[White "Ajalcaide"]
[Black "JohnMLN"]
[Result "0-1"]
[WhiteElo "1336"]
[BlackElo "1668"]
[PlyCount "58"]
[EventDate "2009.10.24"]
[EventType "swiss (blitz)"]

1. e4 {[%emt 0:00:01]} c5 {[%emt 0:00:22]} 2. Nf3 {[%emt 0:00:03]} Nc6 {[%emt
0:00:04]} 3. c3 {[%emt 0:00:08]} e5 {[%emt 0:00:10]} 4. Bb5 {[%emt 0:00:03]}
Nge7 {[%emt 0:00:09]} 5. O-O {[%emt 0:00:03]} g6 {[%emt 0:00:02]} 6. a3 {[%emt
0:00:05]} Bg7 {[%emt 0:00:04]} 7. Re1 {[%emt 0:00:13]} O-O {[%emt 0:00:10]} 8.
d3 {[%emt 0:00:16]} a6 {[%emt 0:00:04]} 9. Ba4 {[%emt 0:00:02]} b5 {[%emt 0:00:
02]} 10. Bb3 {[%emt 0:00:01]} Na5 {[%emt 0:00:03]} 11. Be3 {[%emt 0:00:09]} Qc7
{[%emt 0:00:10]} 12. Qd2 {[%emt 0:00:16]} Nxb3 {[%emt 0:00:06]} 13. Qc2 {[%emt
0:00:12]} Nxa1 {[%emt 0:00:04]} 14. Qc1 {[%emt 0:00:08]} Nb3 {[%emt 0:00:03]}
15. Qc2 {[%emt 0:00:04]} Na5 {[%emt 0:00:03]} 16. Qd2 {[%emt 0:00:17]} Bb7 {
[%emt 0:00:04]} 17. Bh6 {[%emt 0:00:03]} Nb3 {[%emt 0:00:18]} 18. Qe3 {[%emt 0:
00:11]} f5 {[%emt 0:00:17]} 19. Bxg7 {[%emt 0:00:24]} Kxg7 {[%emt 0:00:19]} 20.
Nbd2 {[%emt 0:00:14]} Nxd2 {[%emt 0:00:15]} 21. Nxd2 {[%emt 0:00:03]} d5 {
[%emt 0:00:08]} 22. f3 {[%emt 0:00:07]} Rad8 {[%emt 0:00:08]} 23. d4 {[%emt 0:
00:12]} dxe4 {[%emt 0:00:14]} 24. fxe4 {[%emt 0:00:03]} fxe4 {[%emt 0:00:01]}
25. Nxe4 {[%emt 0:00:01]} Bxe4 {[%emt 0:00:02]} 26. Qxe4 {[%emt 0:00:01]} cxd4
{[%emt 0:00:05]} 27. cxd4 {[%emt 0:00:17]} Rxd4 {[%emt 0:00:03]} 28. Qxe5+ {
[%emt 0:00:05]} Qxe5 {[%emt 0:00:03]} 29. Rxe5 {[%emt 0:00:01]} Rd1+ {[%emt 0:
00:02] Ajalcaide rinde} 0-1

[Event "Benidorm Satellite preliminary"]
[Site "playchess.com #007036"]
[Date "2009.10.24"]
[Round "3"]
[White "Jolan"]
[Black "Goldaxe"]
[Result "0-1"]
[WhiteElo "1721"]
[BlackElo "2078"]
[PlyCount "62"]
[EventDate "2009.10.24"]
[EventType "swiss (blitz)"]

1. d4 {[%emt 0:00:01]} f5 {[%emt 0:00:02]} 2. c4 {[%emt 0:00:00]} Nf6 {[%emt 0:
00:01]} 3. g3 {[%emt 0:00:00]} e6 {[%emt 0:00:01]} 4. Bg2 {[%emt 0:00:00]} Be7
{[%emt 0:00:01]} 5. Nc3 {[%emt 0:00:00]} O-O {[%emt 0:00:01]} 6. Qb3 {[%emt 0:
00:01]} d6 {[%emt 0:00:03]} 7. Nh3 {[%emt 0:00:01]} Nc6 {[%emt 0:00:04]} 8. e3
{[%emt 0:00:09]} Kh8 {[%emt 0:00:11]} 9. O-O {[%emt 0:00:02]} e5 {[%emt 0:00:
01]} 10. dxe5 {[%emt 0:00:03]} dxe5 {[%emt 0:00:03]} 11. Nd5 {[%emt 0:00:04]}
Bc5 {[%emt 0:00:14]} 12. Rd1 {[%emt 0:00:16]} Nxd5 {[%emt 0:00:16]} 13. Rxd5 {
[%emt 0:00:05]} Qe7 {[%emt 0:00:01]} 14. Qb5 {[%emt 0:00:15]} Bb4 {[%emt 0:00:
52]} 15. a3 {[%emt 0:00:36]} a6 {[%emt 0:00:02]} 16. Qa4 {[%emt 0:00:03]} Bc5 {
[%emt 0:00:05]} 17. b4 {[%emt 0:00:04]} Ba7 {[%emt 0:00:03]} 18. Bb2 {[%emt 0:
00:09]} Be6 {[%emt 0:00:06]} 19. Rdd1 {[%emt 0:00:12]} Bxc4 {[%emt 0:00:08]}
20. Bxc6 {[%emt 0:00:15]} bxc6 {[%emt 0:00:02]} 21. Qxc6 {[%emt 0:00:03]} Bb5 {
[%emt 0:00:03]} 22. Qc2 {[%emt 0:00:26]} f4 {[%emt 0:00:10]} 23. a4 {[%emt 0:
00:09]} Be8 {[%emt 0:00:31]} 24. exf4 {[%emt 0:00:20]} exf4 {[%emt 0:00:02]}
25. Nxf4 {[%emt 0:00:09]} Rxf4 {[%emt 0:00:07]} 26. gxf4 {[%emt 0:00:02]} Bg6 {
[%emt 0:00:10]} 27. Qc3 {[%emt 0:00:06]} Rg8 {[%emt 0:00:13]} 28. Qe5 {[%emt 0:
00:02]} Qh4 {[%emt 0:00:03]} 29. Qg5 {[%emt 0:00:03]} Qxf2+ {[%emt 0:00:03]}
30. Kh1 {[%emt 0:00:02]} Be4+ {[%emt 0:00:01]} 31. Qg2 {[%emt 0:00:09]} Qxg2# {
[%emt 0:00:02]} 0-1